Film français : Une hirondelle a fait le printemps - Statistiques

Statistiques générales
  • Ce quiz a été pris 6 fois
  • Le résultat moyen est 9 sur 16
Statistiques - réponses
Questions Réponses % Correct
Animaux que garde Sandrine. Des chèvres
100%
Réseau constitué de l'interconnexion de plusieurs réseaux informatiques. Media d'un type relativement nouveau au moment de l'histoire et qui permet à Sandrine de vendre ses produits en Allemagne. L'Internet
100%
Actrice qui tient le rôle de Sandrine Dumez. Mathilde Seigner
100%
Acteur qui joue le rôle d'Adrien. Michel Serrault
100%
Année de sortie du film. 2001
67%
Ensemble de mouvements et d'idées politiques, sociales et culturelles ayant pour objectif de promouvoir l'égalité entre les sexes. Adrien méprise ce mouvement, "tout ça, c'est de la parlotte". Le féminisme
67%
Jeu télévisé alors animé par Julien Lepers que regarde Adrien pendant que Sandrine mène son troupeau. Question pour un champion
67%
Légume amer, chicorée qu'Adrien préconise comme consommation hivernale. L'endive
50%
Prêtre et compositeur italien des XVIIe et XVIIIe siècle, notamment auteur du 'Credo RV 591 en mi mineur" que l'on peut entendre sur la bande originale du film. Antonio Vivaldi
33%
Territoire britannique d'une superficie de 6 km². Il est la réponse à une question du jeu que regarde Adrien à la télévision. Indice : Parc ! Gibraltar
33%
Ville organisatrice des Jeux olympiques d'hiver de 1968 où quelques scènes du film ont été tournées. Grenoble
33%
Activité professionnelle dans laquelle Sandrine Dumez entend se reconvertir. L'agriculture
33%
Réalisateur du film. Christian Carion
17%
Interprète de la chanson "La Valse au village", version de la bande originale du film, chanson de jazz américain ("The Umbrella Man" en version originale), adaptée en français par Louis Poterat. Adrien et Sandrine dansent sur cette chanson. Elle est également jouée pendant le générique de fin. Jean Sablon
17%
Massif montagneux des Préalpes dans lequel se situe l'essentiel du film. Massif connu pour son maquis, foyer de résistance pendant la dernière guerre. Le Vercors
17%
Nom que Sandrine donne à l'un de ses animaux (femelle) et qui est également une héroïne de plusieurs romans de Georges Bernanos. Mouchette
17%
Aucun quiz correspondant
Distribution des résultats
% des personnes avec chaque résultat
Percentile par nombre de réponses
Votre historique - résultats
Vous n’avez pas pris ce quiz